Countries with the Worst Conflicts in 2024 - Statistics

General Stats
  • This quiz has been taken 1,553 times
  • The average score is 21 of 30
Answer Stats
Index Level Hint: Snippet of 2023 violence trends Country % Correct
High Fatigue from the positional war and proliferating crises elsewhere seem to diminish interest in Europe's major conflict. But, the war shows no signs of abating, as the deadlock on the frontlines does not translate to a lack of activity. Indiscriminate shelling, air and drone strikes on populated areas continued to claim civilian casualties. Ukraine
96%
High In a surprise attack on 7 October, militants broke through a security barrier, attacking border communities and military positions. Militants killed at least 1,400 – mostly civilians – in the assault, and abducted over 200. Israel
93%
Extreme Opposition forces have maintained limited control in the northwestern city of Idlib, and on the Iraq border. However, a 2023 earthquake has made effective governance nearly impossible, as the opposition forces have scrambled to meet the needs of citizens. Syria
93%
Extreme As the country continues to grapple with the fall-out from the 2021 coup, it faces a deadly conflict between the armed forces and the paramilitary Rapid Support Forces. The RSF controls four out of five Darfur states. Sudan
90%
High The post-2003 security landscape has seen the proliferation of dozens of militias identifying with Shiite Islam. Many of these actors are integrated into the Popular Mobilization Forces (PMF) – a paramilitary group established in 2014 to counter the Islamic State and later incorporated into the state forces. Iraq
89%
Extreme As missile and drone launches have failed to reach their intended targets, the Houthis have expanded their military activities into the Red Sea. Yemen
87%
High The country reels from multiple crises, including an economic downturn, tensions along its disputed borders, and rising militancy. The resulting instability has served to strengthen the hand of the military, the dominant force in politics. Claims of military interference in the democratic process are rife. Violence has clustered in Khyber Pakhtunkhwa and Balochistan Pakistan
85%
High The longstanding conflict largely concluded in 2021. Nonetheless, political violence in the country continues. Retaliatory attacks, use of collective punishment, and a broad crackdown on women and the press reveal severe repression. Musicians, artists, women's rights activists, and others have fled the country. Afghanistan
84%
Extreme Persistently high levels of violence were driven by competition between more than 70 active armed narco groups vying for the control of lucrative illicit economies — including drug and human smuggling, and extortion. These groups control large swaths of territory. Mexico
84%
High Long standing conflicts in the restive eastern provinces, including the March 23 Movement (M23) insurgency and countrywide violence surrounding the December general elections, fueled another turbulent year. Disputes over land and authority between the Teke and Yaka communities also continued in the west, spreading to Kwango territory in 2023. Democratic Republic of the Congo
82%
Extreme The northern states are engulfed in long-standing conflicts, with violent jihadist groups and criminal gangs attacking local communities. In the south, civil unrest continues against the backdrop of ongoing violence between farmers and herders as well as insurgent campaigns. Nigeria
81%
Extreme Airstrikes have continued unabated across the coastal enclave since 7 October, and the majority of deaths are of children and women. Palestine
79%
High Rates of violent deaths dropped to their lowest level in more than two decades following years of massive migration as both criminals and victims fled the nation’s economic crisis. Venezuela
79%
High Most of the events involved clashes between security forces and al-Shabaab. In Feburary, a man opened fire on senior military officials and instructors from the United Arab Emirates and Bahrain while they were praying at a coastal military base. Somalia
78%
Extreme In the capital, the ongoing turf war between the G-9 and G-Pèp gang alliances has continued to fuel violence. Gangs such as Grand-Ravine and 5 Seconds have led incursions to contest control of the capital’s southern entrance. Haiti
77%
High The government continued its systematic discrimination and stigmatization of religious and other minorities, particularly Muslims. Dominant party supporters increasingly committed violent attacks against targeted groups. India
76%
Extreme Many anti-coup activists took up arms in an effort to defend their local communities from the military’s violence, forming resistance groups. Meanwhile, the military has also backed the formation of local militias to fight against anti-coup forces. Myanmar
76%
High More than 60 people were killed in a suspected jihadist attack on a river boat near the village of Abakoira in the northern Tombouctou region in September 2023. This marks one of the deadliest incidents yet in an ongoing surge in violence targeting civilians amid simultaneous military and armed group offensives across the Sahel. Mali
75%
Extreme Indigenous and afrodescendant communities are most exposed to ongoing violence in rural areas, despite the peace deal. Colombia
74%
High November 2023 marked a year since the Tigray People’s Liberation Front (TPLF) and the government signed a peace agreement that ended two years of armed conflict in the north. But, violent conflict has continued in other locations. Ethiopia
70%
High Armed clashes and violence targeting civilians have continued unabated throughout 2023 due to persisting competition among gangs, especially in the country’s overcrowded prisons where violence has surged. This country geographically constitutes a key transit point for transnational drug trafficking, and Tegucigalpa is a crime hotspot. Honduras
62%
Extreme On 8 January 2023, following the defeat of then-president in the general election and the inauguration of his successor, a mob of his supporters attacked federal government buildings in the capital. Brazil
60%
High Almost one in every four people in this landlocked Sahelian country of 20 million people need urgent humanitarian assistance. Burkina Faso
59%
High Pro-democracy demonstrations were held throughout October, organized in response to attempts to interfere with the victory of the president-elect. Indigenous demonstrators participated in roadblocks that lasted for 20 consecutive days. Guatemala
52%
High On 19 December 2023, in the deadliest demonstration so far, demonstrators set ablaze a train near the capital city, resulting in the reported deaths of at least four passengers. BNP chair Zia remains under house arrest following her 2018 conviction on charges of corruption, while her son and acting chairman Tarique Rahman, also convicted, is living in London in self-imposed exile. Bangladesh
49%
High Islamist insurgent operations in the Extreme-North region resulted in a significant conflict escalation. Boko Haram (JAS) and the Lake Chad faction of the Islamic State West Africa (ISWAP) engaged in heavy fighting with national troops, Multinational Joint Task Forces, and local militias. Cameroon
47%
High The north is marked by attacks by pastoral militia, cattle rustling, inter- and intra-ethnic disputes over water and pasture, as well as violence perpetrated by suspected al-Shabaab militants. The spread of small arms and light weapons has worsened security. Kenya
46%
High Gang feuds continue to drive high levels of violence on the island, prompting the government to extend state of emergency measures and order curfews in several parishes. Critics have said that this has led to state forces’ abuses of power. Jamaica
36%
High As things stand, the war waged by the communists remains the world’s longest-running communist insurgency, continuing to defy military pronouncements of their defeat as they have several times in the past. The country reels from a catastrophic “war on drugs” that killed thousands. Philippines
36%
High Political violence on the two islands reached some of its highest monthly levels since 2018 amid increasing targeted attacks against civilians by unidentified gunmen. Most of the attacks occurred in Tunapuna-Piarco – a hotspot for drug trafficking and extortion. Trinidad and Tobago
20%
No matching quizzes found
Score Distribution
Percent of People with Each Score
Percentile by Number Answered
Your Score History
You have not taken this quiz